Rhythm and dance : (Record no. 7526)
[ view plain ]
| 000 -LEADER | |
|---|---|
| fixed length control field | 00621nam a22002057i 4500 |
| 003 - CONTROL NUMBER IDENTIFIER | |
| control field | URS |
| 005 - DATE AND TIME OF LATEST TRANSACTION | |
| control field | 20220117150834.0 |
| 008 - FIXED-LENGTH DATA ELEMENTS--GENERAL INFORMATION | |
| fixed length control field | 200305b ||||| |||| 00| 0 eng d |
| 040 ## - CATALOGING SOURCE | |
| Language of cataloging | eng |
| Description conventions | rda |
| Transcribing agency | URS |
| 050 14 - LIBRARY OF CONGRESS CALL NUMBER | |
| Classification number | GV 341 |
| Item number | .Q46 2019 |
| 100 ## - MAIN ENTRY--PERSONAL NAME | |
| Personal name | Quipse, Felino I, |
| Relator term | author |
| 245 ## - TITLE STATEMENT | |
| Title | Rhythm and dance : |
| Remainder of title | physical education 2 / |
| Statement of responsibility, etc. | Felino I. Quipse. |
| 264 #1 - PRODUCTION, PUBLICATION, DISTRIBUTION, MANUFACTURE, AND COPYRIGHT NOTICE | |
| Place of production, publication, distribution, manufacture | Malabon City : |
| Name of producer, publisher, distributor, manufacturer | Mutya Publishing House, Incorporated, |
| Date of production, publication, distribution, manufacture, or copyright notice | 2019. |
| 300 ## - PHYSICAL DESCRIPTION | |
| Extent | 144 pages. |
| 336 ## - CONTENT TYPE | |
| Source | rdacontent |
| Content type term | text |
| 337 ## - MEDIA TYPE | |
| Source | rdamedia |
| Media type code | unmediated |
| 338 ## - CARRIER TYPE | |
| Source | rdacarrier |
| Carrier type code | volume |
| 504 ## - BIBLIOGRAPHY, ETC. NOTE | |
| Bibliography, etc. note | Includes bibliographical references. |
| 942 ## - ADDED ENTRY ELEMENTS (KOHA) | |
| Source of classification or shelving scheme | Library of Congress Classification |
| Koha item type | Filipiniana |
| Withdrawn status | Source of classification or shelving scheme | Damaged status | Not for loan | Collection code | Home library | Current library | Shelving location | Date acquired | Source of acquisition | Total Checkouts | Full call number | Barcode | Date last seen | Price effective from | Koha item type |
|---|---|---|---|---|---|---|---|---|---|---|---|---|---|---|---|
| Library of Congress Classification | Non-fiction | Tanay College Library | Tanay College Library | Reserve Section | 02/27/2020 | URS Fund | GV 341 .Q46 2019 | URSTAN-N2871 | 03/05/2020 | 03/05/2020 | Filipiniana |